The measurement and evaluation of library. (Record no. 168486)
[ view plain ]
| 000 -LEADER | |
|---|---|
| fixed length control field | 00599cam6a220021700 4500 |
| 001 - CONTROL NUMBER | |
| control field | zam00001969 |
| 008 - FIXED-LENGTH DATA ELEMENTS--GENERAL INFORMATION | |
| fixed length control field | 951128s1977 xx eng u |
| 035 ## - SYSTEM CONTROL NUMBER | |
| System control number | (Sirsi) r19349 |
| 035 ## - SYSTEM CONTROL NUMBER | |
| System control number | (MACHINE)SLC. |
| 100 ## - MAIN ENTRY--PERSONAL NAME | |
| Personal name | Lancasters, F. W. |
| Linkage | A80184.1 |
| 245 14 - TITLE STATEMENT | |
| Title | The measurement and evaluation of library. |
| 260 ## - PUBLICATION, DISTRIBUTION, ETC. | |
| Date of publication, distribution, etc. | 1977. |
| 591 ## - | |
| -- | Class code: LS 316. |
| 591 ## - | |
| -- | Course: Library management. |
| 591 ## - | |
| -- | School: S03. |
| 591 ## - | |
| -- | Lecturer: Mr. KALUSOPA, T. |
| 591 ## - | |
| -- | Number of Students: 20. |
| 949 ## - LOCAL PROCESSING INFORMATION (OCLC) | |
| a | Z678 |
| w | lcc |
| m | MAIN |
| t | BOOK |
| l | ON-SHELF |
| 909 ## - | |
| -- | Book |
No items available.